000 00466nam a2200181Ia 4500
001 5084
005 20260306145842.0
008 260306t2001||||xx |||||||||||||| ||spa||
041 _aESP
082 _a332.678
_bS42
100 _aSerrano Rodríguez, Javier
_eAUT
245 0 _aMatemáticas financieras y evaluación de proyectos texto impreso
260 _c2001
300 _axi, 236 páginas :
_c
650 _aGEN
654 _aCAN
942 _cLIB
_dJUS
_fJUS
_2ddc
_n
999 _c5084
_d5084